Głogówek w czasach pruskich
| Titel: | Głogówek w czasach pruskich |
|---|---|
| Verfasser: | |
| In: |
Ziemia Prudnicka, Band 4 (2004), Seite 42-44 alle Artikel anzeigen |
| Veröffentlicht: | 2004 |
| Format: | Aufsatz |
| Sprache: | Polnisch |
X
alg: 39420560 001A $01999:12-11-16 001B $03025:24-04-24 $t13:21:21.000 001D $01999:12-11-16 001U $0utf8 001X $00 002@ $0Aox 003@ $039420560X 007A $039420560X $aHEB 007T $0Herdk90031 010@ $apol 011@ $a2004 021A $aGłogówek w czasach pruskich 028A $aSenft $dStanisław 031A $d4 $h42-44 $j2004 037A $aLata 1741-1945039B $aIn $8--Abvc--. Ziemia Prudnicka. - Prudnik : Spółka Wydawn. "Aneks", 2002-. - ISSN 1642-977X $x200400000040000958 $9112106501 044K $ROberglogau $#Oberglogau $75057306-8 $8Głogówek [Tg1] $9044719264 045F $a900.943809033 $eDDC23BSB 045F/01 $a900 045F/03 $f09033 045F/03 $f9034 045F/03 $f09041 045F/03 $g438 045F/03 $g4385 045R $aGeschichte 1741-1945 045T $a7,41 lok: 39420560 78 exp: 39420560 78 1 #EPN 201B/01 $024-04-24 $t13:21:21.000 201U/01 $0utf8 203@/01 $0790316110 208@/01 $a12-11-16 $be 209A/01 $a/ $f000 $x00 220C/01 $aTitelaufnehmer: pbb 220C/01 $aHerkunft: PBB/IH PAN 244Z/01 $2Trx $#Silesia $#Śląsk $#Sliezsko $#Slezsko $8--Trx--Schlesien $x01 $9391173987 244Z/01 $2Trx $#Poola $#Lenkija $#Polija $#Polen Land $#Poland $#Lengyelország $#Poľsko $#Polsko $8--Trx--Polska$gkraj $x02 $9391345966 244Z/01 $#Oberglogau $75057306-8 $8--Tg1--Głogówek $x03 $9044719264 244Z/01 $aGeschichte 1741-1945 $x04 244Z/01 $2Trx $8--Trx--Zeitschriftenaufsatz $x05 $9391384341 245Z/01 $a13.03 $x01 245Z/01 $a06.03.04 $x02 247C/01 $82080>Marburg/Lahn, Herder-Institut, Forschungsbibliothek, Bibliographieportal $9336309341
| LEADER | 00000caa a22000002c 4500 | ||
|---|---|---|---|
| 001 | 39420560X | ||
| 003 | DE-603 | ||
| 005 | 20240424132121.0 | ||
| 007 | tu | ||
| 008 | 161112s2004 xx |||| | u00||u|pol c | ||
| 035 | |a (DE-599)HEB39420560X | ||
| 040 | |a DE-603 |b ger |c DE-603 |d DE-603 | ||
| 041 | |a pol | ||
| 082 | 0 | 4 | |8 1\u |a 900.943809033 |q DE-101 |2 23/BSB |
| 084 | |a 7,41 |2 ssgn | ||
| 085 | |8 1\u |b 900 | ||
| 085 | |8 1\u |z 1 |s 09033 | ||
| 085 | |8 1\u |z 1 |s 9034 | ||
| 085 | |8 1\u |z 1 |s 09041 | ||
| 085 | |8 1\u |z 2 |s 438 | ||
| 085 | |8 1\u |z 2 |s 4385 | ||
| 100 | 1 | |a Senft, Stanisław | |
| 245 | 0 | 0 | |a Głogówek w czasach pruskich |
| 264 | 0 | |c 2004 | |
| 500 | |a Lata 1741-1945 <pol> | ||
| 648 | 7 | |a Geschichte 1741-1945 |2 gnd | |
| 651 | 7 | |a Głogówek |0 (DE-588)5057306-8 |0 (DE-603)044719264 |2 gnd | |
| 773 | 0 | 8 | |i In |t Ziemia Prudnicka |d Prudnik : Spółka Wydawn. "Aneks", 2002- |x 1642-977X |g Band 4 (2004), Seite 42-44 |w (DE-603)112106501 |w (DE-600)2111590-4 |
| 924 | 0 | |9 2080 |a (DE-603)790316110 |b DE-2080 |c HES |d d |g / | |


